000 00512nam a2200169 i 4500
001 183765
003 ES-MaACL
005 20250901043411.0
008 141010s1879 fr |||| | fre d
245 0 0 _aSouvenirs du Congrès international pour le droit des femmes tenu à Paris en août 1878.
260 _aParis :
_bAuguste Ghio,
_c1879.
300 _a129 p. ;
_c20 cm.
650 0 4 _aMujeres-
_xDerechos
_915263
852 _aES-MaACL
_jT-300-F-6
852 _aES-MaACL
_jT-348-F-4
999 _c183765
_d183765